Widok standardowy
Widok MARC
Pozycja Personal Name
Liczba rekordów, w których użyto hasła: 1
001 - Numer kontrolny
- control field: 36853
003 - Identyfikator numeru kontrolnego
- control field: NUKAT
005 - Data i czas ostatniej modyfikacji
- control field: 20260219144433.0
008 - Dane kontrolne kodowane (40 znaków)
- fixed length control field: 961014n||a|znnaabn |a aaa |c
010 ## - Numer kontrolny Biblioteki Kongresu
- numer kontrolny LC: n 96025521
040 ## - Instytucja sporządzająca rekord
- inst. przygot. dane do rek. khw: WA U/RET
- język haseł przedmiotowych/tezaurus: kaba
- inst. wprow. rek. khw: WA U/IKA
- inst. modyf. rek. khw: GD U/TZ
- inst. modyf. rek. khw: KR 119/jz
- inst. modyf. rek. khw: WA U/MJK
100 1# - Hasło - nazwa osobowa
- nazwa osobowa w formie ujednoliconej: Skutnik, Tadeusz
- daty biograficzne: (1947-2011).
400 1# - Trop zob. - nazwa osobowa
- nazwa osobowa (nazwisko, imiona): Tarnawa, Andrzej.
670 ## - Źródło informacji
- źródło informacji: Kp. Gdańsk Sierpień'80 : rozmowy / Andrzej Drzycimski, Tadeusz Skutnik. - Gdańsk, 1990.
670 ## - Źródło informacji
- źródło informacji: KjKRGd. - 1993
670 ## - Źródło informacji
- źródło informacji: Wyborcza.pl, nekrologi, 2.07.2011 (Gdańsk)